Digital fabrications: Architectural and material techniques (Record no. 2930)
[ view plain ]
| 000 -LEADER | |
|---|---|
| fixed length control field | 00322nam a2200121Ia 4500 |
| 008 - FIXED-LENGTH DATA ELEMENTS--GENERAL INFORMATION | |
| fixed length control field | 200302s9999 xx 000 0 und d |
| 100 ## - MAIN ENTRY--PERSONAL NAME | |
| Personal name | Lisa Lwamoto |
| 245 ## - TITLE STATEMENT | |
| Title | Digital fabrications: Architectural and material techniques |
| 260 ## - PUBLICATION, DISTRIBUTION, ETC. (IMPRINT) | |
| Name of publisher, distributor, etc | Princeton Architectural Press |
| 260 ## - PUBLICATION, DISTRIBUTION, ETC. (IMPRINT) | |
| Date of publication, distribution, etc | 2009 |
| 300 ## - PHYSICAL DESCRIPTION | |
| Extent | 143 P., |
| 942 ## - ADDED ENTRY ELEMENTS (KOHA) | |
| Source of classification or shelving scheme | |
| Withdrawn status | Lost status | Damaged status | Koha normalized classification for sorting | Not for loan | Permanent location | Current location | Date acquired | Cost, normal purchase price | Total Checkouts | Full call number | Barcode | Date last seen | Date last borrowed | Price effective from | Koha item type | Source of classification or shelving scheme |
|---|---|---|---|---|---|---|---|---|---|---|---|---|---|---|---|---|
| 720_285000000000000 | BMS College of Architecture, Design and Planning | BMS College of Architecture, Design and Planning | 2020-03-03 | 971.25 | 3 | 720.285 | CL-UG58387 | 2023-09-08 | 2023-08-24 | 2020-03-03 | UG Books from CL | |||||
| 720_285000000000000 | BMS College of Architecture, Design and Planning | BMS College of Architecture, Design and Planning | 2020-12-09 | 2 | 720.285 | AR-UG1948 | 2024-08-16 | 2024-08-13 | 2020-12-09 | UG Books | ||||||
| 720_285000000000000 | BMS College of Architecture, Design and Planning | BMS College of Architecture, Design and Planning | 2020-12-09 | 2 | 720.285 | AR-UG1949 | 2025-09-03 | 2025-08-18 | 2020-12-09 | UG Books |